000 00460cam a2200193 4500
001 B1993
008 090401t1988 xxu||||| |||| 00| 0 eng d
035 _a(Sirsi) u47546
041 _aeng
050 _a333.337094212
110 _aSavills
_92020
245 _aCity of London office demand survey 1988
260 _aLondon
_bSavills
_c1988
300 _a20p. : ill.,map ; 30cm.
350 _a25
650 _aOFFICES
942 _n0
948 _c04/03/1997
999 _c92151
_d92151